000 00730cab a22002175a 4500
001 L159283
008 160425e20160416xxk 000 0 eng d
035 _a(Sirsi) u159283
041 0 _aeng
100 1 _aElkins, J.
100 1 _aDean, E.
245 0 0 _aBuyer (and seller) beware
260 _c2016
490 _aEstates Gazette
_v(1615) 16 April 2016, 106-107(2)
520 _aHighlights issues for both sellers and buyers when it comes to replies to enquiries. Discusses the seller's duty with regards to giving replies to pre-contract enquiries, and also the concept of buyer beware.
590 _aKA
651 4 _aUnited Kingdom
690 _aProcurement
_96260
690 _aProperty management
_96262
942 _n0
999 _c84862
_d84862